Gaming Quiz

Random Gaming or Nintendo Quiz

Both Mario Kart & Mario Party Characters Quiz Stats

 Plays Quiz Updated Jul 12, 2020

Support Sporcle.
Go Orange.
Score 0/19 Timer 03:00
3 Plays Today
% Correct
Luigi
94%
Mario
93.7%
Donkey Kong
91.5%
Bowser
90.8%
Princess Peach
89%
Toad
88.8%
Wario
88.3%
Yoshi
87.1%
Waluigi
85.6%
Princess Daisy
84.6%
% Correct
Koopa Troopa
79.4%
Bowser Jr.
78.3%
Diddy Kong
76.6%
Toadette
71.7%
Dry Bones
71%
Birdo
65.5%
Shy Guy
65.1%
Rosalina
60.5%
Mii
47.7%

You're not logged in!

Compare scores with friends on all Sporcle quizzes.
OR
Log In
Forgot?

From the Vault

Letters Minefield: Single Letter Elements

by ztibugb

Be careful, you don't want to mix up elements and accidentally cause an explosion.
Remove Ads.
Support Sporcle.
Get the best of Sporcle when you Go Orange. This ad-free experience offers more features, more stats, and more fun while also helping to support Sporcle. Thank you for becoming a member.

Show Comments

Extras

Top Quizzes Today


Score Distribution

Your Account Isn't Verified!

In order to create a playlist on Sporcle, you need to verify the email address you used during registration. Go to your Sporcle Settings to finish the process.

Report this User

Report this user for behavior that violates our Community Guidelines.

Details: